Piłkarska kariera Pierre'a-Emericka Aubameyanga. - Statystyki

Ogólne statystyki
  • Ten quiz został rozwiązany 121 razy
  • Średni wynik to 6 z 12
Statystyki odpowiedzi
Lata Drużyna % Poprawnych
2013-2018 Borussia Dortmund
97%
2018-teraz Arsenal
95%
2008-2008 Milan
54%
2009-2009 Milan
54%
2010-2010 Milan
54%
2011-2011 Milan
54%
2011-2012 Milan
54%
2011-2011 Saint-Etienne
47%
2012-2013 Saint-Etienne
47%
2009-2010 Lille
23%
2010-2011 Monaco
20%
2008-2009 Dijon
8%
Nie znaleziono quizów pasujących do podanych kryteriów
Rozkład punktacji
Procent ludzi z każdym wynikiem
Percentyl według liczby udzielonych odpowiedzi
Twoja historia wyników
Nie rozwiązałeś tego quizu